Informácie o nových liekoch a spolupráca lekárnika s lekárom

Podrobná bibliografia
Hlavný autor: Stanko, Peter, 1975- (Autor)
Médium: Článok
Jazyk:slovenčina
Fyzický popis:Obr.
ISSN:1335-924X
Predmet:

MARC

LEADER 00000nab a2200000 a 4500
001 vtls000883315
003 SK-MaSNL
005 20260304132005.0
008 250429c2004 xo 0 slo
015 |a SNBRB2004/09-26888 
035 |a CLN000234791 
035 |a urn:nbn:sk:snk-ab2kij 
035 |a (urnnbn)urn:nbn:sk:snk:ar-a02kh1 
035 |a (uuid)43349aca-e9ef-4b0b-893b-b02f71600c0f 
040 |a SNKBUCL  |b slo  |c SNKBUCL  |e AACR2 
041 0 |a slo 
044 |a xo  |c SK 
080 |a 614.255.7:661.12  |2 1997 
100 1 |a Stanko, Peter,  |d 1975-  |4 aut  |9 196739 
245 1 0 |a Informácie o nových liekoch a spolupráca lekárnika s lekárom  |c Peter Stanko 
300 |b Obr. 
504 |a Res. slov. 
650 0 7 |a služby informačné, o liekoch  |x využitie  |2 MESH  |9 1427900 
650 0 7 |a prípravky farmaceutické  |x klasifikácia  |2 MESH  |9 859298 
650 0 7 |a vzťahy interprofesionálne  |2 MESH  |9 844083 
650 0 7 |a lekári  |2 MESH  |9 3195 
650 0 7 |a farmaceuti  |2 MESH  |9 19512 
655 7 |a články z novín a časopisov  |2 snkbucl  |9 267496 
773 0 |t Lekárnik  |g Roč. 9, č. 6 (2004), s. 33  |x 1335-924X 
850 |a Slovenská národná knižnica 
852 |a Slovenská národná knižnica 
954 |a odborná, vedecká literatúra pôvodná (slovenská)  |2 lita 
958 |a article27 
958 |a OND 
958 |a MI 
958 |a EUIPO 
992 |a RBX 
999 |c 2898094  |d 2900024